000 00528nam a2200181Ia 4500
003 OSt
005 20200820114808.0
008 190216s9999||||xx |||||||||||||| ||und||
020 _a9788122421651
040 _coclc
082 _a543.54
_bSIN/E
100 _aSindhu, P S
_94112
245 0 _aElements Of Molecular Spectroscopy /
_cP S Sindhu
260 _bNew Age International Publishers,
_aNew Delhi:
_c2007.
300 _a217p
650 _aPhysics
942 _cBK
_2ddc
_h543.54
_iSIN/E
_k543.54
_mSIN/E
999 _c34211
_d34211